000 00481nam a2200169Ia 4500
008 090711s9999 xx 000 0 und d
082 _b53259
100 _aखांडेकर वि. स.
245 _aनिवडक कथा -2
260 _c1986
300 _a84
600 _aखांडेकर वि. स.
630 _aनिवडक कथा -2
700 _aखांडेकर वि. स.
730 _aनिवडक कथा -2
942 _cBOOK
999 _c309897
_d309897